书目信息 |
| 书名: | The death of uncle Joe | |
| 作者: | Alison Macleod | |
| 分册号: | ||
| 分册名: | 出版地: | Woodbridge, Suffolk : |
|
| 出版社: | Merlin Press | |
| 出版时间: | 1997. | |
| 页数: | 269 p. ; | |
| 开本: | 22 cm. : | |
| 丛书名: | ||
| 中图分类号: | ||
| 科图分类号: | ||
| 其他分类号: | K512.55 | |
| 主题词: | ||
| 电子资源: | ||
| 000 | 00595nam 2200205 a 4500 | |
| 001 | E0758919977 | |
| 005 | 20070710162209.84 | |
| 008 | uu | |
| 020 | @a0850364671. | |
| 040 | @aNLC | |
| 049 | @aN5LA | |
| 090 | @a2-98/K512.55/M16///////1212057 | |
| 090 | @aK512.55 | |
| 096 | @aK512.55 @v3 | |
| 099 | @dK512.55@ex10 | |
| 100 | 1 | @aMacleod, Alison. |
| 245 | 14 | @aThe death of uncle Joe / @cAlison Macleod |
| 260 | @aWoodbridge, Suffolk :@bMerlin Press,@c1997. | |
| 300 | @a269 p. ;@c22 cm. :@b00 ;@c20020930@lNLC09@h2244@lNLC09@h2222@lNLC09@h1813 | |
| 852 | 9 | @bWWJC @k2-98 @hK512.55 @iM16 @cJ09 |
| The death of uncle Joe / / Alison Macleod.-Woodbridge, Suffolk : : Merlin Press, , 1997. |
| 269 p. ; ; 22 cm. : : 00 ; ; 20020930 |
| ISBN 0850364671. |
| ● |
| 相关链接 |
|
|
|
|
正题名:death of uncle Joe
索取号:K512.55/x10
 
预约/预借
| 序号 | 登录号 | 条形码 | 馆藏地/架位号 | 状态 | 备注 |
| 1 | 0011686 | 300116862 | 第二样本阅览室/ [索取号:K512.55/x10] | 在馆 |